000 00196nam a2200109Ia 4500
100 _a#N/A
942 _cBK
654 _avidio
245 _a30 Min Tech Vidio
260 _b#N/A
546 _aENGLISH
999 _c18577
_d18577